Rašínova peněžní reforma. Poučení z historie.

Alois Rašín, prvý čs. minister financií mal za úlohu vytvoriť samostatnú menu, dať jej pevný základ a určiť hlavný smer budúcej menovej politiky. Charakteristika Rašínovho plánu a hlavných princípov tohto plánu, peňažnej reformy ČSR, organizácie odluky čs. meny od rakúsko-uhorskej meny a zákona o Kč...

Full description

Saved in:
Bibliographic Details
Main Author: Vencovský, František
Format: Book Chapter
Language:Czech
Subjects:
Tags: Add Tag
No Tags, Be the first to tag this record!

MARC

LEADER 00000naa a2200000 4500
001 r008419
005 20220831084053.2
041 0 |a cze 
044 |a [CS] 
245 1 0 |a Rašínova peněžní reforma.  |b Poučení z historie.  |c František Vencovský 
520 |a Alois Rašín, prvý čs. minister financií mal za úlohu vytvoriť samostatnú menu, dať jej pevný základ a určiť hlavný smer budúcej menovej politiky. Charakteristika Rašínovho plánu a hlavných princípov tohto plánu, peňažnej reformy ČSR, organizácie odluky čs. meny od rakúsko-uhorskej meny a zákona o Kč. Vytvorenie zlatého pokladu republiky. 
610 2 0 |a Rašín, A. 
610 2 0 |a reformy menové 
610 2 0 |a ČSFR 
610 2 0 |a 1918-1919 
100 1 |a Vencovský, František